000 00527nam a2200181 a 4500
003 Ost
005 20140311163002.0
008 020824s19uu xx 00 eng d
020 _a9710862170
050 _aQA 303.2
_b.C728 2002
100 _aComandante, Felipe L.
_930606
245 _aCalculus for business and economics /
_cFelipe L. Comandante.
260 _aMandaluyong City, Philippines :
_bRex Bookstore,
_c2002.
300 _a336 p. :
_b23 cm.
650 _aCalculus
_916674
942 _cBK
_2lcc
_kLOC
999 _c39224
_d39224